[Event "Piestany op-A"]
[Site "Piestany"]
[Date "2023.07.11"]
[Round "1"]
[White "Niharika, Challa"]
[Black "Bochnicka, Vladimir1111"]
[Result "0-1"]
[WhiteElo "2058"]
[BlackElo "2330"]
[PlyCount "86"]
[EventDate "2023.07.11"]
[EventType "swiss"]
[EventRounds "9"]
[EventCountry "SVK"]
[SourceTitle "EXT 2024"]
[Source "ChessBase"]
[SourceDate "2023.10.10"]
[SourceVersion "1"]
[SourceVersionDate "2023.10.10"]
[SourceQuality "1"]

1. e4 c5 2. Nf3 Nc6 3. d4 cxd4 4. Nxd4 e5 5. Nb5 d6 6. N1c3 a6 7. Na3 Be7 8. Nd5 Nf6 9. Be3 Nxd5 10. exd5 Nb8 11. Nc4 Nd7 12. a4 0-0 13. Be2 f5 14. f4 g5 15. fxe5 Nxe5 16. Bb6 Qd7 17. Nxe5 dxe5 18. 0-0 Rf6 19. a5 Bd6 20. Qd2 f4 21. c4 Qe7 22. Rac1 Bb4 23. Qd1 Bd7 24. c5 Rxb6 25. cxb6 Qd6 26. Rc7 Bxa5 27. Rxd7 Bxb6+ 28. Kh1 Qxd7 29. d6 Bd4 30. Qb3+ Kh8 31. Bd3 Qxd6 32. Qf7 Qh6 33. Rc1 Qg7 34. Qd5 Rf8 35. Qd6 Qf6 36. Qd7 Qf7 37. Qd6 f3 38. Rf1 f2 39. h3 Bxb2 40. Rb1 Bd4 41. Rc1 Qf4 42. Rb1 b5 43. Qe7 e4 0-1

[Event "Bydgoszcz op-A"]
[Site "Bydgoszcz"]
[Date "2023.06.29"]
[Round "6"]
[White "Niharika, Challa"]
[Black "Sliwerski, Radoslaw"]
[Result "0-1"]
[WhiteElo "2058"]
[BlackElo "1984"]
[PlyCount "150"]
[EventDate "2023.06.24"]
[EventType "swiss"]
[EventRounds "9"]
[EventCountry "POL"]
[SourceTitle "CBM 215 Extra"]
[Source "ChessBase"]
[SourceDate "2023.09.30"]
[SourceVersion "1"]
[SourceVersionDate "2023.09.30"]
[SourceQuality "1"]

1. e4 c5 2. Nf3 d6 3. d4 cxd4 4. Nxd4 Nf6 5. Nc3 a6 6. Be3 e5 7. Nb3 Be6 8. f3 Be7 9. Qd2 0-0 10. g4 Nbd7 11. 0-0-0 b5 12. Kb1 b4 13. Nd5 Bxd5 14. exd5 Nb6 15. Na5 Nbxd5 16. Nc6 Qc7 17. Nxe7+ Qxe7 18. g5 Nxe3 19. Qxe3 Nh5 20. Bc4 Nf4 21. Qb6 a5 22. Qxd6 Qxg5 23. Rhg1 Qf5 24. Rge1 Ng6 25. b3 Rac8 26. Rd3 Qf4 27. h3 Qg3 28. Red1 Qxh3 29. Qa6 Ra8 30. Qb7 Qc8 31. Qe4 a4 32. Rd6 a3 33. Rh1 Rd8 34. Rxg6 hxg6 35. Qxg6 Rd1+ 36. Rxd1 Qxc4 37. Qxg7+ Kxg7 38. bxc4 Kf6 39. Rd6+ Kf5 40. Rb6 Kf4 41. c3 bxc3 42. Rf6+ Ke3 43. Kc2 Kd4 44. c5 Rc8 45. Rxf7 Rxc5 46. Ra7 Ke3 47. Rf7 Rb5 48. Kxc3 Rb2 49. Re7 Kf4 50. Rf7+ Kg5 51. Re7 Kf6 52. Ra7 Rxa2 53. Ra8 Rf2 54. Kb4 a2 55. Kc4 Rxf3 56. Rxa2 Kf5 57. Ra8 Ke4 58. Re8 Rf7 59. Kc3 Rd7 60. Rh8 Kf3 61. Rh3+ Kg4 62. Rh8 e4 63. Rf8 e3 64. Kc2 e2 65. Re8 Kf3 66. Rf8+ Kg2 67. Rg8+ Kf1 68. Rf8+ Ke1 69. Re8 Rc7+ 70. Kb3 Rc1 71. Kb2 Rc4 72. Kb3 Rf4 73. Kc2 Kf2 74. Kd2 Rd4+ 75. Kc3 Rd1 0-1

[Event "Bydgoszcz op-A"]
[Site "Bydgoszcz"]
[Date "2023.06.24"]
[Round "1"]
[White "Niharika, Challa"]
[Black "Sowinski, Pawel"]
[Result "0-1"]
[WhiteElo "2058"]
[BlackElo "2291"]
[PlyCount "66"]
[EventDate "2023.06.24"]
[EventType "swiss"]
[EventRounds "9"]
[EventCountry "POL"]
[SourceTitle "CBM 215 Extra"]
[Source "ChessBase"]
[SourceDate "2023.09.30"]
[SourceVersion "1"]
[SourceVersionDate "2023.09.30"]
[SourceQuality "1"]

1. e4 c6 2. d4 d5 3. Nc3 dxe4 4. Nxe4 Nf6 5. Nxf6+ exf6 6. c3 Bd6 7. Bd3 0-0 8. Ne2 Re8 9. 0-0 Nd7 10. Bf4 Nf8 11. Bxd6 Qxd6 12. Ng3 Be6 13. Ne4 Qc7 14. f4 f5 15. Nc5 g6 16. Nxe6 Nxe6 17. Qf3 Qb6 18. Qf2 c5 19. dxc5 Nxc5 20. Bc4 Qc7 21. Bd5 Re7 22. c4 Rae8 23. Rae1 Rxe1 24. Rxe1 Rxe1+ 25. Qxe1 Nd3 26. Qe8+ Kg7 27. Qe3 Nxf4 28. Bxb7 Qxc4 29. b3 Qc1+ 30. Kf2 Qb2+ 31. Kf1 Qb1+ 32. Qe1 Qd3+ 33. Kg1 Qd4+ 0-1

[Event "Bad Woerishofen op 38th"]
[Site "Bad Woerishofen"]
[Date "2023.03.04"]
[Round "2"]
[White "Funke, Joerg Dietmar"]
[Black "Niharika, Challa"]
[Result "0-1"]
[WhiteElo "1909"]
[BlackElo "2044"]
[PlyCount "28"]
[EventDate "2023.03.03"]
[EventType "swiss"]
[EventRounds "9"]
[EventCountry "GER"]
[SourceTitle "CBM 213 Extra"]
[Source "ChessBase"]
[SourceDate "2023.05.31"]
[SourceVersion "1"]
[SourceVersionDate "2023.05.31"]
[SourceQuality "1"]

1. e4 c5 2. Nf3 d6 3. d4 cxd4 4. Nxd4 Nf6 5. Nc3 a6 6. Bd3 e5 7. Nb3 Be6 8. 0-0 Nbd7 9. h3 b5 10. f4 Rc8 11. f5 Bc4 12. g4 h6 13. Kg2 b4 14. Nd2 Bxd3 0-1

[Event "Paracin Prestige op"]
[Site "Paracin"]
[Date "2023.01.17"]
[Round "1"]
[White "Pecurica, Milos"]
[Black "Niharika, Challa"]
[Result "1-0"]
[WhiteElo "2318"]
[BlackElo "2044"]
[PlyCount "91"]
[EventDate "2023.01.17"]
[EventType "swiss"]
[EventRounds "9"]
[EventCountry "SRB"]
[SourceTitle "CBM 212 Extra"]
[Source "ChessBase"]
[SourceDate "2023.03.31"]
[SourceVersion "1"]
[SourceVersionDate "2023.03.31"]
[SourceQuality "1"]

1. Nf3 Nf6 2. c4 g6 3. Nc3 Bg7 4. e4 d6 5. d4 0-0 6. Be2 Nbd7 7. 0-0 e5 8. Re1 a5 9. Rb1 Re8 10. Bf1 b6 11. a3 exd4 12. Nxd4 Bb7 13. f3 Nh5 14. Be3 Qh4 15. Qd2 Be5 16. g4 Ng7 17. Kh1 Bxd4 18. Bxd4 Ne6 19. Bf2 Qf6 20. Re3 Ne5 21. Bg3 Nf4 22. h4 h6 23. Nd5 Nxd5 24. cxd5 Kg7 25. Be2 Rad8 26. f4 Nd7 27. g5 hxg5 28. hxg5 Qe7 29. b4 axb4 30. axb4 f6 31. Qd4 Kf7 32. Rf1 f5 33. Bd3 c5 34. dxc6 Bxc6 35. Qc4+ d5 36. Qxc6 dxe4 37. Be2 Qxb4 38. Rd1 Rh8+ 39. Kg2 Qe7 40. Rd6 Nf8 41. Rf6+ Kg7 42. Be1 Qc5 43. Rxg6+ Nxg6 44. Qf6+ Kg8 45. Qxg6+ Kf8 46. Qf6+ 1-0

[Event "Paracin op-A 15th"]
[Site "Paracin"]
[Date "2022.07.11"]
[Round "4"]
[White "Niharika, Challa"]
[Black "Citak, Selim"]
[Result "0-1"]
[WhiteElo "1988"]
[BlackElo "2176"]
[PlyCount "68"]
[EventDate "2022.07.08"]
[EventType "swiss"]
[EventRounds "9"]
[EventCountry "SRB"]
[SourceTitle "CBM 209 Extra"]
[Source "ChessBase"]
[SourceDate "2022.09.30"]
[SourceVersion "1"]
[SourceVersionDate "2022.09.30"]
[SourceQuality "1"]

1. e4 c5 2. Nf3 Nc6 3. d4 cxd4 4. Nxd4 g6 5. Nc3 Bg7 6. Be3 Nf6 7. Bc4 0-0 8. Bb3 a5 9. f3 d5 10. exd5 Nb4 11. d6 Qxd6 12. Ndb5 Qe5 13. Qe2 a4 14. f4 Qb8 15. Nxa4 Bg4 16. Qd2 Nfd5 17. c3 Nxe3 18. Qxe3 Qxf4 19. Qxf4 Nd3+ 20. Kf1 Nxf4 21. Nc7 Rad8 22. h3 Bf5 23. Re1 Rd7 24. g3 Nd3 25. Re3 Rxc7 26. g4 Bh6 27. gxf5 Bxe3 28. Ke2 Nf2 29. Rg1 Ba7 30. fxg6 hxg6 31. Rxg6+ Kh7 32. Rg3 f5 33. c4 Ne4 34. Rg2 Rg8 0-1

[Event "IND-chT (Women) 19th"]
[Site "Jalgaon"]
[Date "2022.04.11"]
[Round "4.1"]
[White "Niharika, Challa"]
[Black "Arpita, Mukherjee"]
[Result "0-1"]
[WhiteElo "1992"]
[BlackElo "2245"]
[PlyCount "42"]
[EventDate "2022.04.08"]
[EventType "team-swiss"]
[EventRounds "6"]
[EventCountry "IND"]
[SourceTitle "CBM 208 Extra"]
[Source "ChessBase"]
[SourceDate "2022.07.31"]
[SourceVersion "1"]
[SourceVersionDate "2022.07.31"]
[SourceQuality "1"]
[WhiteTeam "Andhra Pradesh (W)"]
[BlackTeam "Airports Authority (W)"]
[WhiteTeamCountry "IND"]
[BlackTeamCountry "IND"]

1. e4 c5 2. Nf3 d6 3. d4 cxd4 4. Nxd4 Nf6 5. Nc3 a6 6. Be2 e5 7. Nb3 Be7 8. Be3 Be6 9. g4 d5 10. exd5 Nxd5 11. Bf3 Bb4 12. Bd2 Nc6 13. Ne4 0-0 14. c3 Be7 15. Nec5 Bxc5 16. Nxc5 Qb6 17. b4 Rad8 18. Bxd5 Bxd5 19. 0-0 e4 20. Qc1 Ne5 21. h3 Nf3+ 0-1

[Event "Gibraltar Challengers op-B"]
[Site "Caleta"]
[Date "2020.01.27"]
[Round "4"]
[White "Niharika, Challa"]
[Black "Filipovich, David"]
[Result "1/2-1/2"]
[WhiteElo "1865"]
[BlackElo "1995"]
[PlyCount "89"]
[EventDate "2020.01.25"]
[EventType "swiss"]
[EventRounds "5"]
[EventCountry "GGB"]
[SourceTitle "CBM 194 Extra"]
[Source "ChessBase"]
[SourceDate "2020.03.31"]
[SourceVersion "1"]
[SourceVersionDate "2020.03.31"]
[SourceQuality "1"]

1. e4 g6 2. d4 Bg7 3. Nc3 c6 4. Be3 d5 5. h3 Qb6 6. b3 dxe4 7. Nxe4 Nd7 8. Qd2 Ngf6 9. Nc3 Nd5 10. Nxd5 cxd5 11. Ne2 Nf6 12. Nc3 Bd7 13. g4 e6 14. Bd3 Rc8 15. g5 Ng8 16. Ne2 Bb5 17. Bxb5+ Qxb5 18. h4 Ne7 19. Ng3 Qc6 20. 0-0-0 Qc3 21. Qxc3 Rxc3 22. Kb2 Rc6 23. h5 Nf5 24. hxg6 hxg6 25. Rxh8+ Bxh8 26. Nxf5 gxf5 27. Bf4 Bg7 28. Be5 Bxe5 29. dxe5 Kf8 30. a4 Kg7 31. Rh1 Rc8 32. f4 Rh8 33. Rxh8 Kxh8 34. Kc3 Kg7 35. Kd4 Kf8 36. b4 Ke7 37. a5 Kd7 38. Kc5 Kc7 39. b5 Kd7 40. Kd4 Kc7 41. Kc5 Kd7 42. Kb4 Kc7 43. Ka4 Kd7 44. Kb4 Kc7 45. Kc5 1/2-1/2

[Event "Gibraltar Challengers op-A"]
[Site "Caleta"]
[Date "2020.01.21"]
[Round "2"]
[White "Niharika, Challa"]
[Black "Skutta, Bernd"]
[Result "0-1"]
[WhiteElo "1865"]
[BlackElo "1998"]
[PlyCount "64"]
[EventDate "2020.01.20"]
[EventType "swiss"]
[EventRounds "5"]
[EventCountry "GGB"]
[SourceTitle "CBM 194 Extra"]
[Source "ChessBase"]
[SourceDate "2020.03.31"]
[SourceVersion "1"]
[SourceVersionDate "2020.03.31"]
[SourceQuality "1"]

1. e4 g6 2. d4 Bg7 3. Nc3 c6 4. Be3 d5 5. f3 Qb6 6. Qd2 Qxb2 7. Rb1 Qa3 8. Rb3 Qa5 9. exd5 Nf6 10. dxc6 bxc6 11. Nge2 0-0 12. Nf4 Nbd7 13. Bd3 e5 14. dxe5 Nxe5 15. 0-0 Nxd3 16. cxd3 Ba6 17. Rd1 Rfe8 18. Ne4 Qe5 19. Ne2 c5 20. N2g3 Nxe4 21. dxe4 c4 22. Ra3 c3 23. Qc2 Bb5 24. Rd5 Qxd5 25. exd5 Rxe3 26. h3 Bd3 27. Qc1 Rae8 28. Ne4 Bd4 29. Kh1 Bxe4 30. fxe4 R8xe4 31. Qc2 Re1+ 32. Kh2 Be5+ 0-1

[Event "Chennai op 11th"]
[Site "Chennai"]
[Date "2019.01.18"]
[Round "1"]
[White "Deepan Chakkravarthy, J."]
[Black "Niharika, Challa"]
[Result "1-0"]
[WhiteElo "2543"]
[BlackElo "1631"]
[PlyCount "61"]
[EventDate "2019.01.18"]
[EventType "swiss"]
[EventRounds "10"]
[EventCountry "IND"]
[SourceTitle "CBM 188 Extra"]
[Source "ChessBase"]
[SourceDate "2019.02.26"]
[SourceVersion "1"]
[SourceVersionDate "2019.02.26"]
[SourceQuality "1"]

1. Nf3 c5 2. g3 Nf6 3. Bg2 g6 4. 0-0 Bg7 5. c4 0-0 6. Nc3 d6 7. d4 Na6 8. h3 Bd7 9. b3 Nc7 10. Bb2 Rb8 11. Rc1 cxd4 12. Nxd4 a6 13. b4 Ne6 14. Nb3 Bh6 15. e3 Ng5 16. g4 Bg7 17. f4 Ne6 18. Qd2 Nc7 19. Rfd1 b6 20. e4 Be6 21. Nd5 Bxd5 22. cxd5 Nfe8 23. Nd4 Qd7 24. Rc6 e5 25. Nf3 exf4 26. Bxg7 Nxg7 27. Rdc1 Rfc8 28. Qxf4 Nce8 29. e5 Rd8 30. Qh6 f6 31. exf6 1-0

[Event "IND-ch Challengers (Women) 43rd"]
[Site "Chennai"]
[Date "2016.06.20"]
[Round "6"]
[White "Niharika, Challa"]
[Black "Harshini, A."]
[Result "1-0"]
[WhiteElo "1480"]
[BlackElo "2096"]
[PlyCount "37"]
[EventDate "2016.06.17"]
[EventType "swiss"]
[EventRounds "11"]
[EventCountry "IND"]
[SourceTitle "CBM 173 Extra"]
[Source "ChessBase"]
[SourceDate "2016.08.29"]
[SourceVersion "1"]
[SourceVersionDate "2016.08.29"]
[SourceQuality "1"]

1. e4 e5 2. Nf3 Nc6 3. d4 exd4 4. Nxd4 Bc5 5. Nxc6 Qf6 6. Qf3 Qxc6 7. Nc3 Ne7 8. Be3 0-0 9. Bxc5 Qxc5 10. 0-0-0 d6 11. h4 a6 12. Kb1 b5 13. e5 Qb6 14. exd6 cxd6 15. Qxa8 Bb7 16. Rxd6 Nc6 17. Nd5 Qa5 18. b4 Qa3 19. Ne7+ 1-0